[Event "Kragero Resort International 2022"]
[Site "Kragero"]
[Date "2022.02.27"]
[Round "9.10"]
[White "Abdrlauf, Elham"]
[Black "Vrolijk, Liam"]
[Result "0-1"]
[WhiteElo "2343"]
[BlackElo "2480"]
[Annotator "TA"]
[PlyCount "80"]
[EventDate "2022.02.23"]
[EventType "swiss"]
[EventCountry "NOR"]
[SourceTitle "playchess.com"]
[Source "ChessBase"]
[SourceQuality "1"]

{[%evp 16,80,-6,-2,-7,-21,6,0,7,-45,0,14,0,-26,-8,-56,-73,-65,-71,-76,-68,-297,-299,-298,-269,-308,-279,-310,-316,-309,-304,-366,-328,-350,-334,-410,-406,-395,-358,-338,-342,-339,-320,-402,-381,-506,-489,-491,-490,-505,-502,-499,-503,-663,-632,-698,-693,-784,-778,-907,-876,-867,-802,-952,-920,-5152,-4925]} 1. b3 e5 2. Bb2 Nc6 3. c4 Nge7 4. e3 d5 5. cxd5 Nxd5 6. a3 Bd6 7. Qc2 O-O 8. Nf3 Qe7 9. d3 f5 {A01: Nimzowitsch-Larsen Opening.} 10. Nbd2 {The main line 10.Nbd2 scores better than 10.Be2.} Nb6 (10... g5 $5 {[%cal Rg5g4]}) 11. Be2 a5 {[#] The position is equal.} 12. h4 $146 ({Better is} 12. O-O $11) ({Predecessor:} 12. Nc4 Nxc4 13. bxc4 e4 14. Nd2 exd3 15. Bxd3 Ne5 16. Nf3 Nxd3+ 17. Qxd3 f4 18. O-O fxe3 19. Qxe3 Qxe3 20. fxe3 {0-1 (58) Gritsayeva,O (2378)-Kosteniuk,A (2537) St Petersburg 2018}) 12... Bd7 (12... f4 $15) 13. h5 $11 Rae8 14. h6 g5 {[%cal Bg7g5,Bg5g4][%mdl 32]} 15. Nc4 (15. d4 $11 {was preferrable.}) 15... g4 $15 16. Nfd2 Nd5 {[%cal Bb6d5,Bd5f6,Bf6d7,Bd7c5][%mdl 32]} 17. Nxd6 cxd6 (17... Qxd6 18. O-O-O $14) 18. O-O-O $2 {This costs White the game.} (18. g3 $15) 18... Rc8 $19 19. Nc4 b5 20. Kb1 bxc4 21. dxc4 Nf6 22. f3 Be6 23. Bd3 Nd7 24. Qc3 f4 25. Rhe1 fxe3 26. Rxe3 Nd4 27. Be4 Nf5 ({And not} 27... d5 28. Bxd5 Bxd5 29. Rxd4 $11) 28. Ree1 Nc5 ({Not} 28... Nxh6 $2 29. Qxa5 Nc5 30. Qd2 Nxe4 31. fxe4 $19) 29. Bc2 a4 30. fxg4 {[#]} Nd4 {Black is clearly winning.} 31. Rxd4 {[%cal Ob3b4]} axb3 32. Bd1 exd4 33. Qxd4 {[%cal Og4g5]} Kf7 {[%cal Oe6f5,Bg8f7,Bf7e8,Be8d7][%mdl 32] And now ...Bf5+! would win.} ({Avoid the trap} 33... Qg5 $2 34. Qh8+ Kf7 35. Qxh7+ Ke8 36. Bxb3 $19) 34. Re3 Ke8 {Hoping for ...Rf1.} 35. Bf3 Kd7 36. Bc3 Qf7 {aiming for ...Qg6+.} 37. Re2 Qg6+ 38. Ka1 Qxh6 {[%cal Rh6c1] [#]} 39. Rd2 Qf4 40. Qg1 b2+ {Weighted Error Value: White=0.79/Black=0.06 (flawless)} 0-1

[Event "Kragero Resort International 2022"]
[Site "Kragero"]
[Date "2022.02.27"]
[Round "9.11"]
[White "Seo, Jung Min"]
[Black "Vestby-Ellingsen, Mads"]
[Result "1-0"]
[WhiteElo "2466"]
[BlackElo "2368"]
[Annotator "TA"]
[PlyCount "119"]
[EventDate "2022.02.23"]
[EventType "swiss"]
[EventCountry "NOR"]
[SourceTitle "playchess.com"]
[Source "ChessBase"]
[SourceQuality "1"]

{[%evp 18,119,14,25,16,20,22,16,23,7,18,19,17,12,29,21,12,0,75,79,103,116,102,112,116,115,114,110,123,125,120,97,161,161,182,167,208,216,207,210,203,167,193,216,200,193,243,245,325,308,309,303,305,305,307,287,339,289,297,248,271,271,280,283,290,278,285,237,395,387,455,401,684,578,572,350,332,220,220,217,547,546,550,533,505,452,585,232,232,232,232,232,230,229,229,206,29961,29963,29957,29958,29991,29992,29992,29993]} 1. e4 e5 2. Nf3 Nc6 3. Bb5 a6 4. Ba4 d6 5. c3 Bd7 6. O-O g6 7. d4 Bg7 8. Re1 Nf6 {is more profitable than 8...Nge7 at the moment.} 9. Nbd2 O-O 10. h3 $1 exd4 {C60: Ruy Lopez: Unusual Black 3rd moves and 3...g6.} 11. cxd4 Nb4 12. Bxd7 Qxd7 {The position is equal.} 13. Qb3 {Prevents Nd3.} a5 14. a3 Nc6 {[%cal Bb4c6,Bc6b8,Bb8a6,Ba6c5,Bc5a4,Ba4b6][%mdl 32]} 15. d5 (15. Qxb7 $2 Rfb8 16. Qxa8 Rxa8 $19) 15... Nb8 16. Qxb7 Na6 17. Qb3 {[#]} Rfe8 $146 (17... Nc5 $11 {keeps the balance.} 18. Qc4 Qa4) ({Predecessor:} 17... Rfb8 18. Qc4 Qb5 19. Qxb5 Rxb5 20. Nd4 Rc5 21. b4 Rc3 22. Bb2 Rd3 23. N2f3 Nd7 {½-½ (69) Das,S (2409)-Tukhaev,A (2541) Madurai 2019}) 18. Qc4 $16 {Black is now going downhill.} Qc8 19. Rb1 $1 $36 {[%cal Ba1b1,Bb1b3,Bb3e3][%mdl 2080] Black is under strong pressure.} Nc5 {[#]} 20. b4 $1 (20. e5 Nfd7 $14) 20... axb4 21. axb4 ({Don't play} 21. Rxb4 $6 Qa6 22. Qxa6 Rxa6 $11) 21... Na4 22. Rb3 Qb7 23. Ba3 {[%cal Bc1a3,Ba3b2,Bb2d4][%mdl 32]} Nb6 24. Qc2 {White is more active.} Re7 (24... Nh5 $16) 25. Bb2 $18 Rc8 26. Bd4 Rce8 (26... Nh5 $142 27. Rbe3 Bh6) 27. Rbe3 Nbd7 28. Qb2 Rb8 29. Bc3 c6 30. dxc6 Qxc6 {[#]} 31. Nd4 $1 Qb7 (31... Qc7 $142 32. b5 Re5) 32. b5 Ra8 33. Nc4 Qc7 34. Nc6 Re6 35. Bd4 Bh6 36. R3e2 {aiming for e5.} Bf8 37. Qc2 Rae8 38. Qd3 Nh5 39. g3 {Prevents Nf4.} Nhf6 40. Kg2 h5 41. h4 Ng4 42. f3 Ngf6 (42... Nge5 {was called for.} 43. Bxe5 Nxe5 44. N4xe5 dxe5) 43. Ne3 Qb7 44. Ra1 Qc8 (44... Ne5 $142 45. Qb1 Nxc6 46. bxc6 Qxc6) 45. Qc3 Bg7 46. Rc1 Qb7 47. Qc4 {Threatens to win with Ra1.} Nxe4 48. Bxg7 ({But not} 48. fxe4 $6 Rxe4 49. Qd5 (49. Na5 Qa8 $19) 49... Nb6 50. Bxb6 Qxb6) 48... Nxg3 (48... Kxg7 49. fxe4 Rxe4) 49. Kxg3 Kxg7 50. Rce1 Ne5 51. Nxe5 Rxe5 52. Ng2 $2 (52. Qd4 Kg8 53. b6) 52... Rc8 53. Qd4 Qxb5 54. Rxe5 dxe5 55. Rxe5 {White wants to mate with Re8+.} Qb8 56. Nf4 {Threatening mate with Re8+.} Kh7 $2 (56... Rc4 $18 57. Qxc4 Qxe5) 57. Re7 {White mates.} Rf8 58. Qf6 g5 59. Rxf7+ Rxf7 60. Qxf7+ {Weighted Error Value: White=0.21 (precise) /Black=0.42} 1-0

[Event "Kragero Resort International 2022"]
[Site "Kragero"]
[Date "2022.02.27"]
[Round "9.12"]
[White "Thorhallsson, Simon"]
[Black "Osmak, Yuliia"]
[Result "0-1"]
[WhiteElo "2245"]
[BlackElo "2432"]
[Annotator "TA"]
[PlyCount "94"]
[EventDate "2022.02.23"]
[EventType "swiss"]
[EventCountry "NOR"]
[SourceTitle "playchess.com"]
[Source "ChessBase"]
[SourceQuality "1"]

{[%evp 20,94,33,25,22,28,20,15,16,17,12,11,14,0,0,0,0,0,0,0,0,0,14,0,0,0,0,-10,0,-58,-60,-37,-39,-50,-46,-53,-33,-67,-67,-179,-171,-171,-171,-171,-171,-170,-175,-177,-170,-171,-149,-149,-141,-122,-14,-414,-416,-384,-373,-448,-448,-448,-448,-446,-428,-696,-686,-608,-523,-3066,-2560,-5093,-5799,-29970,-29968,-5721,-1912]} 1. d4 Nf6 2. c4 e6 3. g3 d5 4. Bg2 Bb4+ 5. Bd2 Bd6 6. Nf3 c6 7. O-O O-O 8. Bg5 Nbd7 9. Nbd2 h6 10. Bxf6 Nxf6 11. Qc2 b6 {E01: Catalan: Early deviations.} 12. e4 Be7 13. cxd5 cxd5 {The position is equal.} 14. e5 {[#]} Nh7 $146 ({Predecessor:} 14... Nd7 15. Rfc1 Nb8 16. Bf1 Bd7 17. a3 Nc6 18. Ba6 Rb8 19. b4 b5 20. Qxc6 Bxc6 21. Rxc6 {0-1 (74) Alonso Rosell,A (2550)-Peralta,F (2588) Santa Coloma 2016}) 15. Rfc1 Bd7 16. Qc7 Qxc7 17. Rxc7 Rfd8 18. Bf1 a5 19. Rac1 Nf8 20. Rb7 Rdb8 21. Rxb8 Rxb8 22. Ne1 g5 23. h3 a4 24. a3 ({White should try} 24. Ndf3 $11) 24... b5 $15 25. Nd3 b4 26. axb4 Bxb4 27. Nf3 Be7 28. Ra1 Bb5 29. Nc1 ({White should play} 29. Ra2 $15) 29... Bxf1 $19 30. Kxf1 Rxb2 31. Nd3 Rb3 32. Ke2 a3 {[%cal Ba4a3,Ba3a2][%mdl 32]} 33. Nd2 Rc3 34. Nb1 Rc2+ 35. Ke3 a2 {Black is more active.} 36. Nd2 Ba3 (36... h5 $17 {Threatens to win with ...Ng6.} 37. Ne1 Rc3+ 38. Ke2 h4 39. Rxa2 hxg3) 37. Nf3 $2 {[%mdl 8192] [#] This costs White the game.} (37. Ke2 $1 $11 {and White has nothing to worry.}) 37... Bb2 38. Nxb2 Rxb2 {[%mdl 4096] Endgame KRN-KRN} 39. Ne1 Rb1 40. Nc2 Rxa1 41. Nxa1 {KN-KN} Nd7 42. f4 (42. g4 $142 Nf8 43. f4) 42... gxf4+ 43. Kxf4 Kg7 44. g4 Kg6 45. h4 h5 46. g5 Nb8 47. Nb3 Nc6 {Weighted Error Value: White=0.88/Black=0.07 (flawless)} 0-1

[Event "Kragero Resort International 2022"]
[Site "Kragero"]
[Date "2022.02.27"]
[Round "9.14"]
[White "Reimanis, Ritvars"]
[Black "Alinasab, Mobina"]
[Result "0-1"]
[WhiteElo "2397"]
[BlackElo "2325"]
[Annotator "TA"]
[PlyCount "68"]
[EventDate "2022.02.23"]
[EventType "swiss"]
[EventCountry "NOR"]
[SourceTitle "playchess.com"]
[Source "ChessBase"]
[SourceQuality "1"]

{[%evp 12,68,50,42,45,36,28,3,3,-14,-11,-16,-15,-18,-18,-13,-14,-14,-12,-39,-39,-39,-39,-40,-47,-131,-132,-225,-141,-172,-181,-443,-429,-406,-394,-974,-954,-6752,-6391,-3198,-794,-3040,-1846,-1772,-990,-29974,-29976,-29972,-29977,-29976,-29977,-29976,-29978,-29987,-29988,-29993,-883,-900,-862]} 1. Nf3 Nf6 2. d4 e6 3. c4 d5 4. Nc3 c5 5. cxd5 exd5 6. Bg5 Be6 7. e3 c4 {D32: Tarrasch Defence: Sidelines and lines without g3.} 8. Be2 Bb4 {[#]} 9. Bxf6 $146 ({Predecessor:} 9. Ne5 Nc6 10. Nxc6 bxc6 11. Qa4 Qd6 12. Bf4 Bxc3+ 13. bxc3 Qd7 14. Qa3 Bf5 15. f3 {1-0 (36) Sunilduth Lyna,N (2611)-Firouzja,A (2702) chess24.com INT 2020}) 9... Qxf6 {The position is equal.} 10. Qa4+ Nc6 11. Ne5 O-O 12. Nxc6 Bxc3+ 13. bxc3 {Hoping for Ne5.} Bd7 {[%mdl 64] [#] Pin} 14. O-O Bxc6 15. Qc2 b5 16. Bf3 a5 17. a3 {Inhibits b4.} Rfb8 18. e4 {[#]} ({Better is} 18. Rfe1 $15) 18... Qg6 $1 $17 19. Rad1 (19. g3 $17) 19... Re8 ({And not} 19... dxe4 20. d5 Bxd5 21. Rxd5 exf3 22. Qxg6 hxg6 23. gxf3 $17) 20. Qb1 dxe4 21. d5 $2 (21. Be2 {only move.}) 21... Bd7 $19 ({Stronger than} 21... exf3 22. Qxg6 fxg6 23. dxc6 $17) 22. Be2 Bh3 {[%csl Gh3][%cal Rg6g2]} 23. Bf3 (23. g3 Bxf1 24. Bxf1) 23... f5 {[%cal Bf7f5,Bf5f4][%mdl 32]} 24. Rfe1 exf3 {[%csl Gf3,Gh3][%cal Rg6g2]} 25. g3 Rxe1+ 26. Rxe1 Re8 27. Rd1 f4 {( -> ...Qh5)} 28. Qxb5 Qe4 29. Qb1 Qxb1 30. Rxb1 Re5 31. Rd1 fxg3 32. hxg3 Rh5 33. g4 Bxg4 (33... Rh4 $142 34. Rb1 Bg2 35. Rb8+ Kf7 36. Rb7+ Kg6 37. Rb6+ Kg5 38. Rg6+ hxg6 39. d6 Rh1#) 34. Rd4 Bh3 {Weighted Error Value: White=0.97/Black=0.32} 0-1

[Event "Kragero Resort International 2022"]
[Site "Kragero"]
[Date "2022.02.27"]
[Round "9.15"]
[White "Rozum, Ivan"]
[Black "Gjestemoen-VonHirsch, Andre"]
[Result "1-0"]
[WhiteElo "2537"]
[BlackElo "2243"]
[Annotator "TA"]
[PlyCount "77"]
[EventDate "2022.02.23"]
[EventType "swiss"]
[EventCountry "NOR"]
[SourceTitle "playchess.com"]
[Source "ChessBase"]
[SourceQuality "1"]

{[%evp 14,76,25,18,46,28,41,21,15,12,14,16,20,12,20,19,25,24,69,64,67,69,71,68,75,68,146,147,133,140,256,256,253,244,235,233,262,146,168,166,160,154,291,268,392,374,364,366,402,403,520,444,522,529,1023,1011,977,967,5406,5406,2671,2610,29980,29981,29999]} 1. Nf3 Nf6 2. g3 g6 3. b3 Bg7 4. Bb2 O-O 5. Bg2 d5 6. c4 c6 7. O-O a5 8. Nc3 Na6 {A11: English Opening: 1...c6.} 9. d4 Ne4 10. cxd5 Nxc3 {The position is equal.} 11. Bxc3 {dxc6 is the strong threat.} cxd5 12. Qd2 {[#]} b6 $146 ({Predecessor:} 12... a4 13. bxa4 Nb8 14. Qd1 Qd7 15. Ne5 Bxe5 16. dxe5 Rd8 17. e6 Qxe6 18. Qd4 f6 {1-0 (46) Burmakin,V (2592)-Oliva Castaneda,K (2427) Montcada 2014}) 13. Rfc1 Bb7 14. Bb2 Qd6 15. Ne5 {[%cal Bf3e5,Be5c4,Bc4d6][%mdl 32]} e6 {[#]} (15... Rac8 $11) 16. Nc4 $1 $14 Qd8 17. Ba3 $1 Re8 18. Nd6 Re7 19. e4 $36 {[%mdl 2048] White fights for an advantage.} Rb8 (19... Rd7 $14) 20. Bf1 $16 Nb4 21. e5 Bf8 (21... Rd7 $16 22. Bxb4 axb4) 22. Bxb4 $18 axb4 23. Bb5 {Inhibits Rd7.} (23. Qxb4 Rd7 $16) 23... Bc8 {[#]} 24. Rc2 $1 ({Don't take} 24. Qxb4 $6 Rc7 $16) 24... Ra7 25. Qxb4 ({Stronger than} 25. Nxc8 Rxc8 26. Rac1 Rc3 $11) (25. Rac1 $18 {[%cal Rc2c8]} Bd7 26. Bxd7 (26. Qxb4 Bxb5 27. Qxb5 Bxd6 $14)) 25... Bd7 {[#]} 26. Bxd7 $1 Qxd7 27. Rac1 {White is much more active.} Kg7 (27... Be7 $16 28. a4 Qd8) 28. a4 {[%cal Ba2a4,Ba4b5][%mdl 32]} b5 (28... Qd8 $142 29. Rc6 Bxd6 30. exd6 Rd7) 29. Rc6 Qd8 30. axb5 Bxd6 31. exd6 Rab7 32. R1c5 h5 33. Qe1 {aiming for Qe5+.} Rxb5 34. Qe5+ Kg8 35. Rc7 Rxb3 36. d7 {Threatening mate with Rc8.} Kh7 37. Rc8 Rb1+ 38. Kg2 Qxd7 39. Qh8# {Weighted Error Value: White=0.07 (flawless) /Black=0.52} 1-0

[Event "Kragero Resort International 2022"]
[Site "Kragero"]
[Date "2022.02.27"]
[Round "9.16"]
[White "Unneland, Mathias"]
[Black "Stanford, Maxim Barth"]
[Result "1/2-1/2"]
[WhiteElo "2262"]
[BlackElo "2339"]
[Annotator "TA"]
[PlyCount "98"]
[EventDate "2022.02.23"]
[EventType "swiss"]
[EventCountry "NOR"]
[SourceTitle "playchess.com"]
[Source "ChessBase"]
[SourceQuality "1"]

{[%evp 12,98,21,9,30,12,20,18,27,18,27,0,43,35,33,19,15,17,8,10,44,46,53,73,60,60,74,73,72,32,60,7,46,46,47,0,0,0,0,0,0,0,18,25,31,40,44,36,44,19,68,71,69,56,67,65,71,60,73,38,123,0,0,0,120,100,102,107,91,104,114,104,91,91,197,197,197,197,189,109,160,0,0,0,156,0,0,0,121]} 1. e4 c5 2. Nf3 Nc6 3. Bb5 Nf6 4. Bxc6 dxc6 5. d3 g6 6. h3 Bg7 {6...Nh5 is the hot move.} 7. O-O b6 {B31: Sicilian: 2...Nc6 3 Bb5 g6.} 8. Nc3 Nd7 9. Be3 Nf8 10. Qd2 h6 11. Nh2 Ne6 (11... e5 $11 {feels stronger.}) 12. Rae1 {[#]} (12. f4 {is interesting.} Nd4 13. Qf2 Qc7 14. e5 Nf5 15. Nf3) 12... c4 $146 ({Predecessor:} 12... Ba6 13. f4 Bd4 14. f5 Nf8 15. fxg6 Nxg6 16. Kh1 Bxe3 17. Rxe3 Bc8 18. Ref3 Be6 {1-0 (53) Ross,C (2224)-Pohlers,J (1923) Cagliari 2019}) 13. dxc4 (13. f4 {feels hotter.} cxd3 14. f5 Nc5 15. Rd1 gxf5 16. exf5 Ba6 17. b4) 13... Qxd2 14. Bxd2 Ba6 15. b3 O-O-O (15... Rd8 $5 {[%cal Rd8d2]} 16. Nb1 Nd4 $11) 16. Nb1 b5 17. cxb5 cxb5 {[%cal Ob5b4]} 18. Ba5 Rd7 19. Rd1 $1 Nd4 {[%cal Ob5b4]} ({Weaker is} 19... b4 20. Rxd7 Kxd7 21. Rd1+ Kc8 22. Bxb4 $16) 20. Rfe1 Bb7 21. f3 (21. Nf3 $14) 21... b4 {[%mdl 64] Decoy} 22. Bxb4 {Strongly threatening c3.} Nxc2 23. Rxd7 (23. Rc1 $14 Rc7 24. Ba5) 23... Kxd7 $11 24. Rd1+ Bd4+ {A strong pair of Bishops.} 25. Kh1 {[%cal Ob1a3] Black must now prevent Na3!} Rc8 26. Bc3 $36 {[%mdl 2048] White has good play.} Ke6 27. Bxd4 Nxd4 28. Ng4 Nc2 29. Rc1 h5 30. Nf2 Nb4 (30... Ke5 $11) 31. Nc3 $1 $14 Ba6 32. a3 Nd3 33. Nxd3 Bxd3 {[%mdl 4096] Endgame KRB-KRN} 34. Kg1 {[%cal Oc3e2]} h4 35. Kf2 (35. Ne2 $5 Rxc1+ 36. Nxc1 $14) 35... g5 (35... Ke5 $14) 36. Ke3 Bf1 37. Kf2 Bd3 38. Ne2 Rxc1 39. Nxc1 $16 {KB-KN} Ba6 40. Ne2 Kd6 41. Ke3 e5 42. b4 Bb5 (42... Bc4 $16) 43. Nc3 $18 Bf1 44. Kf2 Bc4 {[#]} 45. a4 ({White should play} 45. Nd1 $1 $18) 45... a6 {[#]} (45... Bb3 $142) 46. Ke3 $2 (46. Nd1 $1 $16) 46... Bf1 $1 $11 47. Kf2 ({White should try} 47. b5 $11) 47... Bc4 $16 48. Ke3 Bf1 $1 49. Kf2 Bc4 {Weighted Error Value: White=0.20 (precise) /Black=0.11 (very precise)} 1/2-1/2

[Event "Kragero Resort International 2022"]
[Site "Kragero"]
[Date "2022.02.27"]
[Round "9.17"]
[White "Sjoberg, Isak"]
[Black "Kvaloy, Aksel Bu"]
[Result "0-1"]
[WhiteElo "2322"]
[BlackElo "2280"]
[Annotator "TA"]
[PlyCount "138"]
[EventDate "2022.02.23"]
[EventType "swiss"]
[EventCountry "NOR"]
[SourceTitle "playchess.com"]
[Source "ChessBase"]
[SourceQuality "1"]

{[%evp 9,138,9,38,40,39,33,35,22,41,36,48,32,34,31,50,26,20,13,20,27,27,20,16,24,24,21,22,14,37,26,41,31,98,98,142,142,142,138,138,140,156,156,162,163,163,166,247,211,508,484,733,425,423,491,471,460,422,207,380,208,200,150,143,0,299,272,261,47,203,241,226,16,16,16,22,0,0,0,0,0,0,0,0,0,27,27,27,27,27,28,28,0,57,28,28,0,0,0,0,0,0,0,0,0,0,0,0,0,0,-29972,-29973,-29973,-29974,-29974,-29975,-29975,-29975,-29981,-29981,-29983,-29984,-29986,-29986,-29987,-29988,-29988,-29989,-29989,-29990,-29985,-29986]} 1. e4 e5 2. Nf3 Nc6 3. Bc4 Nf6 4. d3 h6 5. c3 d6 6. a4 {[%cal Ba2a4,Ba4a5][%mdl 32] C55: Two Knights: 4 d3, 4 d4 exd4 5 e5 and Max Lange Attack.} g6 7. a5 a6 8. O-O {White is slightly better.} Bg7 9. Re1 O-O 10. Nbd2 {[%cal Bb1d2,Bd2f1,Bf1e3][%mdl 32]} Nh5 {[%cal Bf6h5,Bh5f4,Bf4h3][%mdl 32]} 11. Nf1 Qf6 12. Ne3 Nf4 {[#]} 13. g3 $146 ({Predecessor:} 13. h3 g5 14. Nh2 Qg6 15. Qf3 Ne7 16. g4 Qf6 17. Nf5 Neg6 18. Nf1 Bxf5 19. gxf5 {0-1 (52) Domingo Nunez,A (2339)-Sedlak,N (2510) Roquetas de Mar 2022}) 13... Nh3+ 14. Kg2 Ne7 15. Rf1 g5 16. Ng1 Nxg1 17. Kxg1 {[%cal Of2f4]} Qg6 18. g4 c6 19. Nf5 Qf6 20. Qf3 {[%cal Oh2h4]} Be6 ({Black should try} 20... Rd8 $14) 21. h4 $1 $16 Bxc4 (21... gxh4 $142 22. Nxh6+ Kh7) 22. dxc4 (22. hxg5 hxg5 23. dxc4 Nxf5 24. gxf5 Qe7 $16) 22... Nxf5 23. hxg5 hxg5 {[%cal Of5d4]} 24. gxf5 Qd8 25. Kg2 f6 26. Be3 {Bb6 is the strong threat.} Rf7 27. Rfd1 Bf8 (27... Rd7 $142 28. Rh1 Qe7) 28. c5 $18 {And now cxd6 would win.} Rd7 (28... d5 29. exd5 cxd5) 29. cxd6 Rxd6 (29... Qe8 $142 30. Rh1 Rc8) 30. Bb6 Qd7 31. Rxd6 Qxd6 32. Rd1 Qe7 33. Qd3 (33. Qh5 $142) 33... Re8 $2 (33... Qf7 34. Qd7 Re8) 34. b4 (34. Bd8 $142 Qf7 35. Qd7) 34... Qf7 35. Rh1 {Black must now prevent Bd8.} Re7 36. Rd1 $2 (36. Ba7 $16) 36... Re8 $1 37. Qe2 Re7 {[#]} 38. Rd6 (38. Bd8 $1 $18 {[%cal Rd8e7]} Re8 39. f3) 38... Re8 (38... Rd7 $1 $14 39. Rxd7 Qxd7) 39. Rd2 Re7 {[#]} 40. Bc5 $2 (40. Bd8 $1 $18 {[%cal Rd8e7]} Re8 41. Qd3) 40... Rd7 $11 41. Rxd7 Qxd7 42. Bxf8 Kxf8 {[%mdl 4096] Endgame KQ-KQ} 43. Qc4 Kg7 44. Qc5 Kf7 45. Qa7 Kg7 46. Qb8 Qe7 47. Qc8 Qf7 48. Kg3 Kh7 49. f3 Kg7 50. Kg4 Kh7 (50... Qa2 $11 51. Kg3 (51. Qxb7+ Kh6 $11) 51... Qe2) 51. Qe6 Kg7 52. c4 Kf8 53. Qd6+ Kg7 54. Qb8 Kh7 55. Kg3 Kg7 56. Kh3 Qh5+ 57. Kg2 g4 58. Qxb7+ Kh6 59. Qxc6 $2 {[%mdl 8192]} (59. Qxa6 Qh3+ 60. Kf2 g3+ 61. Ke2 Qg2+ 62. Ke3 Qf2+ 63. Kd3 Qxf3+ 64. Kd2 Qf2+ 65. Kc3 g2 66. Qxc6 Qe3+ 67. Kc2 Kg5 $19) (59. fxg4 $11 Qxg4+ 60. Kh2) 59... Qh3+ {Black mates.} 60. Kg1 Qg3+ 61. Kf1 Qxf3+ ({Stronger than} 61... Qh3+ 62. Ke1 Kg5 63. fxg4 (63. Qxa6 $2 Qh1+ 64. Kd2 gxf3 $19) 63... Qe3+ 64. Kf1 $11) 62. Ke1 Kg5 63. Qb7 g3 {[%cal Bg4g3,Bg3g2][%mdl 32]} 64. Qg7+ Kf4 65. Qxf6 Qf2+ 66. Kd1 g2 {[%cal Rg2g1]} 67. Qh6+ Kxe4 {[%cal Rg2g1]} 68. Qc6+ Kd3 {[%cal Rg2g1] Active counter play!} 69. Qd5+ Kc3 {What a bad dream for White.  Weighted Error Value: White=0.42/Black=0.21 (precise)} 0-1